Devinez le Club de Football par son Logo Ultras #1 - Statistiques

Statistiques générales
  • Ce quiz a été pris 778 fois
    663 depuis la dernière actualisation
  • Le résultat moyen est 10 sur 15
Statistiques - réponses
Hint Réponse % Correct
89%
88%
85%
85%
81%
71%
69%
66%
64%
63%
58%
51%
47%
39%
35%
Aucun quiz correspondant
Distribution des résultats
% des personnes avec chaque résultat
Percentile par nombre de réponses
Votre historique - résultats
Vous n’avez pas pris ce quiz depuis la dernière actualisation